Normal view
MARC view
Entry Personal Name
001 - CONTROL NUMBER
- control field: 56064
003 - CONTROL NUMBER IDENTIFIER
- control field: dpl
005 - DATE AND TIME OF LATEST TRANSACTION
- control field: 20230906151850.0
008 - FIXED-LENGTH DATA ELEMENTS
- fixed length control field: 230906|| aca||aabn | a|a d
040 ## - CATALOGING SOURCE
- Original cataloging agency: dpl
- Transcribing agency: dpl
100 ## - HEADING--PERSONAL NAME
- Personal name: मिश्र, रामदरश
670 ## - SOURCE DATA FOUND
- Source citation: Work cat.: (dpl)194368: मिश्र, रामदरश, रामदरश मिश्र की सम्पूर्ण कहानियाँ /, 2022
